<?xml version="1.0" encoding="UTF-8"?>
<record
    xmlns:xsi="http://www.w3.org/2001/XMLSchema-instance"
    xsi:schemaLocation="http://www.loc.gov/MARC21/slim http://www.loc.gov/standards/marcxml/schema/MARC21slim.xsd"
    xmlns="http://www.loc.gov/MARC21/slim">

  <leader>05123cam a2200505 i 4500</leader>
  <controlfield tag="001">22597667</controlfield>
  <controlfield tag="003">-</controlfield>
  <controlfield tag="005">20260313182220.0</controlfield>
  <controlfield tag="008">220503s2021    mx       b    000 0 spa  </controlfield>
  <datafield tag="010" ind1=" " ind2=" ">
    <subfield code="a">  2022432062</subfield>
  </datafield>
  <datafield tag="020" ind1=" " ind2=" ">
    <subfield code="a">9786073047432</subfield>
    <subfield code="q">(UNAM)</subfield>
  </datafield>
  <datafield tag="020" ind1=" " ind2=" ">
    <subfield code="a">6073047436</subfield>
    <subfield code="q">(UNAM)</subfield>
  </datafield>
  <datafield tag="020" ind1=" " ind2=" ">
    <subfield code="a">9786078768370</subfield>
    <subfield code="q">(ITESO)</subfield>
  </datafield>
  <datafield tag="020" ind1=" " ind2=" ">
    <subfield code="a">6078768379</subfield>
    <subfield code="q">(ITESO)</subfield>
  </datafield>
  <datafield tag="035" ind1=" " ind2=" ">
    <subfield code="a">22597667</subfield>
  </datafield>
  <datafield tag="035" ind1=" " ind2=" ">
    <subfield code="a">(CVcHKB)hkb0000011025</subfield>
  </datafield>
  <datafield tag="040" ind1=" " ind2=" ">
    <subfield code="a">DLC</subfield>
    <subfield code="b">eng</subfield>
    <subfield code="e">rda</subfield>
    <subfield code="c">DLC</subfield>
    <subfield code="d">DLC</subfield>
  </datafield>
  <datafield tag="042" ind1=" " ind2=" ">
    <subfield code="a">pcc</subfield>
  </datafield>
  <datafield tag="050" ind1="0" ind2="0">
    <subfield code="a">N72.P6</subfield>
    <subfield code="b">A23 2021</subfield>
  </datafield>
  <datafield tag="082" ind1=" " ind2=" ">
    <subfield code="2">1 ed</subfield>
    <subfield code="a">701.03</subfield>
    <subfield code="b">B516a</subfield>
  </datafield>
  <datafield tag="100" ind1=" " ind2=" ">
    <subfield code="a">Berm&#xFA;dez Dini, Renato (autor y editor) et all.</subfield>
    <subfield code="d">1991-</subfield>
    <subfield code="e">autor</subfield>
  </datafield>
  <datafield tag="245" ind1="0" ind2="0">
    <subfield code="a">&#xA1;Abajo el muro! :</subfield>
    <subfield code="b">arte, neoliberalismo y emancipaci&#xF3;n desde 1989 /</subfield>
    <subfield code="c">direcci&#xF3;n editorial: Ekaterina &#xC1;lvarez Romero, Ana Xanic L&#xF3;pez, Vanessa L&#xF3;pez, MUAC.</subfield>
  </datafield>
  <datafield tag="246" ind1="3" ind2="0">
    <subfield code="a">Arte, neoliberalismo y emancipaci&#xF3;n desde 1989</subfield>
  </datafield>
  <datafield tag="250" ind1=" " ind2=" ">
    <subfield code="a">Primera edici&#xF3;n.</subfield>
  </datafield>
  <datafield tag="264" ind1=" " ind2="1">
    <subfield code="a">Ciudad de M&#xE9;xico :</subfield>
    <subfield code="b">MUAC, Museo Universitario Arte Contempor&#xE1;neo, UNAM ;</subfield>
    <subfield code="a">Tlaquepaque, M&#xE9;xico :</subfield>
    <subfield code="b">ITESO, Instituto Tecnol&#xF3;gico y de Estudios Superiores de Occidente,</subfield>
    <subfield code="c">2021.</subfield>
  </datafield>
  <datafield tag="300" ind1=" " ind2=" ">
    <subfield code="a">327 pages ;</subfield>
    <subfield code="c">18 cm.</subfield>
  </datafield>
  <datafield tag="336" ind1=" " ind2=" ">
    <subfield code="a">texto</subfield>
    <subfield code="b">txt</subfield>
    <subfield code="2">contenido RDA</subfield>
  </datafield>
  <datafield tag="337" ind1=" " ind2=" ">
    <subfield code="a">sn mediaci&#xF3;n</subfield>
    <subfield code="b">n</subfield>
    <subfield code="2">medio RDA</subfield>
  </datafield>
  <datafield tag="338" ind1=" " ind2=" ">
    <subfield code="a">volumen</subfield>
    <subfield code="b">nc</subfield>
    <subfield code="2">soporte RDA</subfield>
  </datafield>
  <datafield tag="490" ind1="0" ind2=" ">
    <subfield code="a">Cadernos MUAC</subfield>
  </datafield>
  <datafield tag="500" ind1=" " ind2=" ">
    <subfield code="a">"Publicado con motivo del ciclo de conferencias &#xA1;Abajo el muro! Arte y emancipaci&#xF3;n desde 1989 (del 27 de septiembre al10 de diciembre de 2019), en el marco de la C&#xE1;tedra Extraordinaria Olivier Debroise." --&#xDA;ltima p&#xE1;gina.</subfield>
  </datafield>
  <datafield tag="504" ind1=" " ind2=" ">
    <subfield code="a">Incluye referencias bibliogr&#xE1;ficas.</subfield>
  </datafield>
  <datafield tag="505" ind1="0" ind2=" ">
    <subfield code="a">El muro de los lamentos : pol&#xED;tica y melancol&#xED;a en el arte contempor&#xE1;neo en torno a 1989 / Alberto L&#xF3;pez Cuenca -- Boicot, barricadas e instituciones par&#xF3;dicas : de la cr&#xED;tica institucionalizada a las paradojas de la resistencia en un mundo del arte desnudo / Gregory Sholette -- Arte &#xFA;til e industrias culturales : habr&#xE1; arte despu&#xE9;s de la cultura? / Irmgard Emmelhainz -- Genealog&#xED;a y emplazamientos de los giros art&#xED;sticos : apuntes para abordar las pr&#xE1;cticas colaborativas en el arte actual / Adriana Pantoja de Alba and Alina Pe&#xF1;a Iguar&#xE1;n -- Entre experimentaci&#xF3;n art&#xED;stica e investigaci&#xF3;n acad&#xE9;mica : performatividad cr&#xED;tica en la pr&#xE1;ctica editorial / Gabriela M&#xE9;ndez Cota, Sandra Hern&#xE1;ndez Reyes and Manuel Trejo Trejo --  Atlas [de las ruinas] de Europa: tres a&#xF1;os despu&#xE9;s / Julia Morandeira Arrizabalaga and Jos&#xE9; Riello -- Qu&#xE9; es ser neoliberal? : para una reflexi&#xF3;n sobre los sujetos y movimientos sociales en el neoliberalismo / Eduardo Niv&#xF3;n Bol&#xE1;n --  La subjetividad neoliberal y el arte de la organizaci&#xF3;n social / Pilar Villela --  Abajo y a la izquierda : donde lo personal es disputa pol&#xED;tica / Itzell S&#xE1;nchez --  El enemigo en casa : arte desde Latinoam&#xE9;rica: entre la revoluci&#xF3;n y la globalizaci&#xF3;n / Gerardo Mosquera and Alberto L&#xF3;pez Cuenca --  Aguila no caza moscas&#x2BA; : arte y pol&#xED;tica en la Venezuela del socialismo del siglo XXI / Renato Berm&#xFA;dez Dini --  Echados a perder: el estado en ruinas, la vuelta de los muros y el cyborg soberano / Tania Valdovinos Reyes --De lo Hecho en M&#xE9;xico a la denominaci&#xF3;n de origen : arte contempor&#xE1;neo mexicano, del capital simb&#xF3;lico al financiero / Eduardo Ram&#xED;rez Pedrajo --  Imagen global, trabajos precarios y feminismos en el M&#xE9;xico neoliberal / Alma Cardoso --  El sur nunca muere : arte, show y resistencia en Oaxaca de Ju&#xE1;rez / Adriana de la Rosa --  Inconformidades, contradicciones, evidencias : hacia una ruta cr&#xED;tica del arte contempor&#xE1;neo mexicano en el presente / Daniel Montero Fayad.</subfield>
  </datafield>
  <datafield tag="520" ind1=" " ind2=" ">
    <subfield code="a">Este volumen intensifica las transformaciones m&#xE1;s significativas en las pr&#xE1;cticas art&#xED;sticas contempor&#xE1;neas con el auge de las pol&#xED;ticas neoliberales y su impacto global. En este contexto, se analiza la redefinici&#xF3;n del v&#xED;nculo entre arte y pol&#xED;tica y las implicaciones de exigir un arte "socialmente &#xFA;til", as&#xED; como el surgimiento de la colaboraci&#xF3;n social, el papel de las ruinas del imaginario moderno y la necesidad de reorientar las narrativas art&#xED;sticas en M&#xE9;xico hacia los feminismos o las singularidades de Oaxaca o Monterrey. Dispersas conceptual y geogr&#xE1;ficamente, las contribuciones aqu&#xED; reunidas reflejan el proceso mismo que se consagr&#xF3; en la ca&#xED;da del Muro de Berl&#xED;n, con repercusiones prolongadas en el espacio y el tiempo que a&#xFA;n se manifiestan en las formas que adoptan las pr&#xE1;cticas art&#xED;sticas actuales.</subfield>
  </datafield>
  <datafield tag="546" ind1=" " ind2=" ">
    <subfield code="a">In Spanish.</subfield>
  </datafield>
  <datafield tag="650" ind1=" " ind2="0">
    <subfield code="a">Arte.</subfield>
    <subfield code="x">Aspectos pol&#xED;ticos.</subfield>
    <subfield code="v">Congresos.</subfield>
  </datafield>
  <datafield tag="650" ind1=" " ind2="0">
    <subfield code="a">Artes y sociedad.</subfield>
    <subfield code="x">Historia</subfield>
    <subfield code="v">Congresos.</subfield>
  </datafield>
  <datafield tag="655" ind1=" " ind2="7">
    <subfield code="a">Art&#xED;culos y actas de la conferencia.</subfield>
    <subfield code="2">lcgft</subfield>
    <subfield code="0">https://id.loc.gov/authorities/genreForms/gf2014026068</subfield>
  </datafield>
  <datafield tag="700" ind1="1" ind2=" ">
    <subfield code="a">&#xC1;lvarez Romero, Ekaterina,</subfield>
    <subfield code="e">editor.</subfield>
  </datafield>
  <datafield tag="700" ind1="1" ind2=" ">
    <subfield code="a">Xanic L&#xF3;pez, Ana,</subfield>
    <subfield code="e">editor.</subfield>
  </datafield>
  <datafield tag="700" ind1="1" ind2=" ">
    <subfield code="a">L&#xF3;pez, Vanessa,</subfield>
    <subfield code="d">1991-</subfield>
    <subfield code="e">editor.</subfield>
  </datafield>
  <datafield tag="710" ind1="2" ind2=" ">
    <subfield code="a">Universidad Nacional Aut&#xF3;noma de M&#xE9;xico.</subfield>
    <subfield code="b">Museo Universitario Arte  Contempor&#xE1;neo,</subfield>
    <subfield code="e">organismo emisor,</subfield>
    <subfield code="e">instituci&#xF3;n anfitriona.</subfield>
  </datafield>
  <datafield tag="710" ind1="2" ind2=" ">
    <subfield code="a">Instituto Tecnol&#xF3;gico de Estudios Superiores de Occidente,</subfield>
    <subfield code="e">organismo emisor.</subfield>
  </datafield>
  <datafield tag="942" ind1=" " ind2=" ">
    <subfield code="2">ddc</subfield>
    <subfield code="c">1</subfield>
    <subfield code="n">0</subfield>
  </datafield>
  <datafield tag="999" ind1=" " ind2=" ">
    <subfield code="c">4599</subfield>
    <subfield code="d">4599</subfield>
  </datafield>
  <datafield tag="952" ind1=" " ind2=" ">
    <subfield code="0">0</subfield>
    <subfield code="1">0</subfield>
    <subfield code="2">ddc</subfield>
    <subfield code="4">0</subfield>
    <subfield code="7">0</subfield>
    <subfield code="8">Libros</subfield>
    <subfield code="a">LV</subfield>
    <subfield code="b">LV</subfield>
    <subfield code="d">2026-03-13</subfield>
    <subfield code="l">0</subfield>
    <subfield code="o">70.03 B516a </subfield>
    <subfield code="p">9786073047432</subfield>
    <subfield code="r">2026-03-13 18:29:20</subfield>
    <subfield code="w">2026-03-13</subfield>
    <subfield code="y">1</subfield>
  </datafield>
</record>
